000 nam a22 7a 4500
999 _c7579
_d7579
008 170921b xxu||||| |||| 00| 0 eng d
100 _94093
_aMilbourne.A
245 _aArabian Night
260 _aLondan
_busborne
_c2017